000 00576nam a22001697a 4500
003 OSt
005 20260325110133.0
008 260325b |||||||| |||| 00| 0 eng d
040 _cMRSPTU
041 _aEnglish
100 _aSudha Choudhary, Supervisor: Dr. Rahul Deshmukh
245 _aA Research-Based Surveillance of Adverse Drug Reactions Associated With Cefuroxime
260 _bDepartment of Pharmacy, MRSPTU, Bathinda
_c2020
650 _aPharmaceutical Sciences and Technology
856 _uhttp://163.47.215.52:8080/jspui/handle/123456789/96
942 _2ddc
_cTH
_n0
999 _c11246
_d11246